|
|
|
|
| LEADER |
00790cam a2200193 i 4500 |
| 001 |
10081828 |
| 003 |
upatras |
| 005 |
20210117211023.0 |
| 008 |
091126s1987 f gre d |
| 952 |
|
|
|0 0
|1 0
|2 ddc
|4 0
|6 889_134000000000000_ΚΑΚ
|7 0
|9 237913
|a LISP
|b LISP
|c DON
|d 2019-12-18
|e ΓΑΛ
|i 141650
|l 0
|o 889.134 ΚΑΚ
|p 025000265325
|r 2019-12-18 00:00:00
|t 1
|v 2019.00
|w 2019-12-18
|y BKN
|
| 999 |
|
|
|c 143811
|d 143811
|
| 040 |
|
|
|a GR-PaULI
|b gre
|c GR-PaULI
|e AACR2
|
| 082 |
0 |
4 |
|2 23
|a 889.134
|
| 100 |
1 |
|
|a Κακναβάτος, Έκτωρ,
|9 62659
|e συγγραφέας
|d 1920-2010
|
| 245 |
|
|
|a Κιβώτιο ταχυτήτων /
|c Έκτωρ Κακναβάτος.
|
| 260 |
|
|
|a Αθήνα :
|b Τυπογραφείο,
|c 1987.
|
| 300 |
|
|
|a 97 σ. ;
|c 25 εκ.
|
| 942 |
|
|
|2 ddc
|c BKN
|
| 998 |
|
|
|c ΣΑΤΛΑΝΗΣ
|d 2019-12
|